000
00303nam a22001457a 4500
008
210528b ||||| |||| 00| 0 eng d
020
_a
978039327092
041
_a
eng
080
_a
32
082
_a
32
100
_a
20
101
_a
POL
245
_a
World Politics
_c
Frieden,J.A
942
_2
udc
_c
BK
999
_c
57781
_d
57781